01238nas a2200301Ia 4500001001600000003001000016008004100026040002500067041001200092100002200104210001900126222001900145240011400164245011400278250001100392260000900403501012300412300001600535362003600551500005600587650002300643700002500666700002100691942000700712957000600719999003300725952017800758A01/R002-45687 IT-MiCISF161014c99999999xx |||||||||||| ||und|| aIT-MiCISFcIT-MiCISF aINGLESE aSimmons Rachel A. aFamily Process aFamily Process aHow do Hostile and Emotionally Overinvolved Relatives View Relationship? What Relatives' Pronoun Use Tells Us 0aHow do Hostile and Emotionally Overinvolved Relatives View Relationship? What Relatives' Pronoun Use Tells Us a1a ed. c2008 bCISF - Centro Internazionale Studi Famiglia - Via Giotto, 36 20145 MILANO (non commercial uses only)cCopyright 2016 app. 405-419 avol. 47, n. 3, settembre [2008] a Tema: famiglia, rapporti-familiari, salute-mentale aFAMIGLIAvarticolo a Chambless Dianne L. a Gordon Peter C. cCR 71 a45687bSig1c254401d254401 0010406A_01_000000000000000_R0024568771aCISFbCISFd2016-10-14l0oA01/R002-45687 r2016-10-14 00:00:00w2016-10-14yCRzData import 15.10.2016 / by Epidotti, Vaglietti